01470nam a22003614a 4500001001100000003000800011006001900019007001500038008004100053010001700094020001500111040002100126035002000147050002300167082002300190245014800213260004100361300001500402504005400417533015200471650003600623650004400659650004300703650004800746650004200794650004200836655002900878700002300907700002100930710001700951856012500968999001501093ebr5007368CaPaEBRm u cr cn|||||||||991123s2000 dcu sb 000 0 eng  z 99059266  z0821344447 aCaPaEBRcCaPaEBR a(OCoLC)4584351514aHV640b.R35 2000eb04a362.87/09172/422100aRisks and reconstructionh[electronic resource] :bexperiences of resettlers and refugees /cedited by Michael M. Cernea, Christopher McDowell. aWashington, DC :bWorld Bank,c2000. axv, 487 p. aIncludes bibliographical references (p. 445-487). aElectronic reproduction.bPalo Alto, Calif. :cebrary,d2013.nAvailable via World Wide Web.nAccess may be limited to ebrary affiliated libraries. 0aRefugeeszDeveloping countries. 0aForced migrationzDeveloping countries. 0aLand settlementzDeveloping countries. 0aRelocation (Housing)zDeveloping countries. 0aRehabilitationzDeveloping countries. 0aEconomic developmentxSocial aspects. 7aElectronic books.2local1 aCernea, Michael M.1 aMcDowell, Chris.2 aebrary, Inc.40uhttp://site.ebrary.com/lib/rucke/Doc?id=5007368zAn electronic book accessible through the World Wide Web; click to view c5151d5151